Les pierres de Venise (Record no. 136441)

MARC details
000 -LEADER
campo de control de longitud fija 00909nam a2200241 i 4500
001 - NÚMERO DE CONTROL
campo de control 136441
003 - IDENTIFICADOR DE NÚMERO DE CONTROL
campo de control ES-MaACL
005 - FECHA Y HORA DE LA ÚLTIMA TRANSACCIÓN
campo de control 20240516063048.0
007 - CAMPO FIJO DE DESCRIPCIÓN FÍSICA--INFORMACIÓN GENERAL
campo de control de longitud fija t|
008 - DATOS DE LONGITUD FIJA--INFORMACIÓN GENERAL
campo de control de longitud fija 070214s1907 fr |||| | fre d
100 0# - ENTRADA PRINCIPAL--NOMBRE DE PERSONA
Nombre de persona Ruskin, John,
Fechas asociadas al nombre 1819-1900
9 (RLIN) 101026
245 14 - MENCIÓN DEL TÍTULO
Título Les pierres de Venise
Resto del título : estudes locales pouvant servir de direction aux voyageurs séjournant áa Venise et áa Verone /
Mención de responsabilidad, etc. John Ruskin ; trad. par Mme. Mathilde P. Crémieux ; préf. de Robert de la Sizeranne.
250 ## - MENCION DE EDICION
Mención de edición 3e éd.
260 ## - PUBLICACIÓN, DISTRIBUCIÓN, ETC.
Lugar de publicación, distribución, etc. Paris :
Nombre del editor, distribuidor, etc. H. Laurens,
Fecha de publicación, distribución, etc. 1907.
300 ## - DESCRIPCIÓN FÍSICA
Extensión XXVIII, 323 p., 23 lám. ;
Dimensiones 25 cm.
650 #4 - PUNTO DE ACCESO ADICIONAL DE MATERIA--TÉRMINO DE MATERIA
Término de materia o nombre geográfico como elemento de entrada Arquitectura-
Subdivisión geográfica Venecia.
9 (RLIN) 159953
651 #4 - PUNTO DE ACCESO ADICIONAL DE MATERIA--NOMBRE GEOGRÁFICO
Nombre geográfico Venecia-
Subdivisión general Descripción.
9 (RLIN) 159952
651 #4 - PUNTO DE ACCESO ADICIONAL DE MATERIA--NOMBRE GEOGRÁFICO
Nombre geográfico Verona-
Subdivisión general Descripción.
9 (RLIN) 172230
700 1# - ENTRADA AGREGADA--NOMBRE PERSONAL
Nombre de persona Crémieux, Mathilde P.
9 (RLIN) 41494
700 1# - ENTRADA AGREGADA--NOMBRE PERSONAL
Nombre de persona La Sizeranne, Robert de.
9 (RLIN) 69181
852 ## - LOCALIZACIÓN
Ubicación ES-MaACL
Número de control de estantería F-6738
Holdings
Estatus retirado Estado de pérdida Estado de daño No para préstamo Biblioteca de origen Biblioteca actual Ubicación en estantería Fecha de adquisición Fuente de adquisición Total de préstamos Signatura topográfica completa Código de barras Visto por última vez Precio de reemplazo Tipo de ítem Koha
        Biblioteca del Ateneo de Madrid Biblioteca del Ateneo de Madrid Depósito 2 17/01/2008     F-6738 1142000 23/02/2023 23/02/2023 Libro impreso